{"text_format":"1","workbook":"xlsx","n_sheets":1,"sheets":["Price bid "],"not_rendered":{"charts":0,"images":0,"macros":1,"external_links":0,"defined_names":1,"comments":0,"pivot_tables":0},"unopened":[],"bounds":{"document_bytes":16777216,"sheet_cells":100000,"rows_first":2000,"rows_last":500,"rows_between":2000,"halvings":0,"cell_chars":16384,"cell_head_chars":4096},"cells_cut":0,"cells_raw":0,"read":"whole","date_system":"1900"}

{"sheet":"Price bid ","index":0,"n_rows":21,"n_cols":9,"rows_kept":21,"cut":false,"hidden":false,"merged":[[16,1,16,8],[13,0,13,1],[13,2,13,8],[3,0,3,8],[0,0,0,8],[1,0,1,8],[2,0,2,8],[4,0,4,2],[15,1,15,8]]}
["    BHARAT HEAVY ELECTRICAL LIMITED , JHANSI              "]
["FACTORY CIVIL DEPARTMENT"]
["Price bid "]
["Name of Work: Tree Transplantation work inside BHEL Jhansi"]
["Tender No. FCX/TW/24/10"]
["SL. Nos. ","Description   of work ","% Allocation (Item-wise)","Unit ","Qty ","Rate (Rs) ","Amount(Rs) ","Rate per Unit (in Rs.)","Amount (in Rs.)"]
[null,"TREE TRANSPLANTATION including excavation of Pit at desired location, pruning of sub branches in consideration with formation of canopy, excavation of trench around tree trunk for root ball formation, lifting tree with proper tools & tackles like cranes considering girth of main trunk, weight, height, age & nature of plant species. The work also includes Medication of transplanted tree and area with fungicides, insecticides & rooting hormones as per requirement, translocating tree at desired location along with grouting of tree, back filling of pit with soil and fixing of props (if required). Tree transplantation range shall be within 1 Km and as per the discretion of Engineer-in-Charge.\nMaintenance of Healing Time period: Deployment of 1 Manpower along with required tools & tackles, Agrochemicals like Fungicide, Insecticide, Rooting Hormones, Fertilizers etc as required and maintaining the transplanted tree for 45 days’ time period to maintain moisture level & microclimatic conditions during healing time along with supervision. \nTool and Tackles: All required tools and tackles are to be brought by the contractor except the required heavy machinery like JCB, Crane with Capacity 10-35 Ton, 40 feet Trailer etc. which shall be provided by BHEL free of cost.\nGovernment Permission: All desired permissiona and clearances shall be under BHEL's scope."]
[null,"Transplantation of various trees with the size of the girth from 250 mm to 500mm.",{"$f":"G8/382400","v":4.1841004184100417E-2},"Nos.",10,1600,{"$f":"E8*F8","v":16000},{"$f":"ROUND(I8/E8,4)","v":0},{"$f":"C8*$I$13","v":0}]
[null,"Transplantation of various trees with the size of the girth from 500 mm to 900mm.",{"$f":"G9/382400","v":0.21966527196652719},"Nos.",21,4000,{"$f":"E9*F9","v":84000},{"$f":"ROUND(I9/E9,4)","v":0},{"$f":"C9*$I$13","v":0}]
[null,"Transplantation of various trees with the size of the girth from 900 mm to 1400 mm.",0.34518828451882844,"Nos.",22,6000,132000,0,0]
[null,"Transplantation of various trees with the size of the girth from 1400 mm to 2000 mm.",0.27196652719665271,"Nos.",13,8000,104000,0,0]
[null,"Transplantation of various trees with the size of the girth from 2000 mm to 3000mm.",0.12133891213389121,"Nos.",4,11600,46400,0,0]
[null,"Total ",{"$f":"SUM(C8:C12)","v":1},null,null,null,{"$f":"SUM(G8:G12)","v":382400}]
["In words ",null,{"$f":"rup(I13)","v":0}]
[null,"Note -GST extra as applicable"]
[null,"1. Bidder has to quote in above unlocked cell (I-13) only. Item rate shall be calculated automatically. Calculated item rates upto four  decimal points may be adjusted w.r.t. gross total amount and it shall be the itemwise final rate for  execution of contract and all other purposes."]
[null,"2. Quoted gross total amount should be considered only if quoted in this excel sheet and print out of this should only be considered for evaluation.  If Price is quoted in any other format other than the Excel Sheet enclosed to the NIT , the offer of the bidder  will be rejected."]
[]
[]
[]
[null,null,null,null,"(Signature and Seal of  Contractor  )"]